Histoire de Sainte Elisabeth de Hongrie, duchesse de Thuringe : tome second : suivi d'une notice sur Saint Anselme /

Guardat en:
Dades bibliogràfiques
Autor principal: Montalembert, Charles (autor)
Format: Llibre
Idioma:francès
Edició:9a edición
Col·lecció:(Oeuvres de M. Le Comte de Montalembert ; 8)
Matèries:
Etiquetes: Afegir etiqueta
Sense etiquetes, Sigues el primer a etiquetar aquest registre!

MARC

LEADER 00000nam^a2200000^a^4500
001 000383925
005 20250526000000.0
009 20260310120851.736
037 |a Acervo Xavier Clavigero 
041 |a FRA 
082 |a 282. 43902  |b MON V. 8 
100 |a Montalembert, Charles  |e (autor) 
240 1 1 |a [Histoire de Sainte Elisabeth de Hongrie, duchesse de Thuringe] 
245 1 0 |a Histoire de Sainte Elisabeth de Hongrie, duchesse de Thuringe :  |b tome second : suivi d'une notice sur Saint Anselme /  |c C. conde de Montalembert. 
250 |a 9a edición 
264 |a París, Francia :  |b Librairie Jacques Lecoffre,  |c 1861, c1861 
300 |a 443 p. ;  |c 22.0 cm. 
336 |a texto  |b txt  |2 rdacontenido 
337 |a sin mediación  |b n  |2 rdamedio 
338 |a volumen  |b nc  |2 rdasoporte 
440 1 |a (Oeuvres de M. Le Comte de Montalembert ;  |v 8) 
561 |a Ex libris de Biblioteca Residencia S.J. Guadalajara 
562 |a Falta cubierta 
649 |a XX 
650 |a Santos Ingleses -  |x Biografías 
650 |a Santos -  |z Húngaros -  |x Biografías -  |x Tema Principal 
650 |a Catolicismo -  |z Hungría -  |x Historia 
650 |a Catolicismo -  |x Historia 
650 |a Cristianismo -  |z Hungría -  |x Historia 
650 |a Cristianismo -  |x Historia 
650 |a Religión -  |z Hungría -  |x Historia 
650 |a Religión -  |x Historia 
650 |a Hungría -  |x Historia 
650 |a Isabel de Hungría,  |c Santa -  |x Tema Principal 
650 |a Anselmo, de Canterbury,  |c Santo 
910 |a Fondo General 
920 |a Impresos - Libros 
930 |a Libros Antiguos y Raros 
905 |a 108 
901 |a 0500278212  |b IT2  |c LRA  |u 20250526 
902 |a https://opac.biblio.iteso.mx/vufind/Record/000383925